|
|
|
|
| LEADER |
00812cam a2200241 7i4500 |
| 001 |
0000035383 |
| 005 |
20181010090000.0 |
| 007 |
##ta |
| 008 |
181010s2016 enka 000 0 eng d |
| 020 |
# |
# |
|a 9781910649718
|
| 040 |
# |
# |
|a MATR
|
| 090 |
0 |
0 |
|a B 338.7613811420951
|b LIZ
|
| 100 |
1 |
# |
|a Li, Zhigang,
|c (Economist)
|e author
|
| 245 |
1 |
4 |
|a THE JD.com STORY :
|b AN E-COMMCERCE PHENOMENON
|c Li Zhigang.
|
| 250 |
0 |
0 |
|a English edition.
|
| 264 |
# |
1 |
|a London:
|b LID Publishing Limited,
|c 2016.
|
| 300 |
# |
# |
|a xxvii, 350 pages:
|b 1 illustration (black and white);
|c 24cm.
|
| 336 |
# |
# |
|a text
|2 rdacontent
|
| 337 |
# |
# |
|a unmediated
|2 rdamedia
|
| 338 |
# |
# |
|a volume
|2 rdacarrier
|
| 650 |
# |
0 |
|a Business enterprises --
|z China
|
| 650 |
# |
0 |
|a Electronic commerce --
|z China
|
| 999 |
|
|
|a B000040393
|b Book
|c Book
|e Business Information Centre
|